Vaticano: cambi al vertice

Saved in:  
Bibliographic Details
Main Author: Marchesi, Giovanni 1939-2007 (Author)
Format: Print Article
Language:Italian
Check availability: HBZ Gateway
Interlibrary Loan:Interlibrary Loan for the Fachinformationsdienste (Specialized Information Services in Germany)
Published: 2006
In: La civiltà cattolica
Year: 2006, Volume: 157, Issue: 3751, Pages: 74-75
Standardized Subjects / Keyword chains:B Sodano, Angelo 1927-2022 / Bertone, Tarcisio 1934- / Cardinal state secretary / Geschichte 2006
IxTheo Classification:KAJ Church history 1914-; recent history
KCB Papacy
KDB Roman Catholic Church

MARC

LEADER 00000caa a22000002c 4500
001 164401209X
003 DE-627
005 20220616115745.0
007 tu
008 160405s2006 xx ||||| 00| ||ita c
035 |a (DE-627)164401209X 
035 |a (DE-576)465854818 
035 |a (DE-599)BSZ465854818 
040 |a DE-627  |b ger  |c DE-627  |e rakwb 
041 |a ita 
084 |a 1  |2 ssgn 
100 1 |0 (DE-588)113746431  |0 (DE-627)691195153  |0 (DE-576)169362817  |4 aut  |a Marchesi, Giovanni  |d 1939-2007 
109 |a Marchesi, Giovanni 1939-2007 
245 1 0 |a Vaticano: cambi al vertice 
264 1 |c 2006 
336 |a Text  |b txt  |2 rdacontent 
337 |a ohne Hilfsmittel zu benutzen  |b n  |2 rdamedia 
338 |a Band  |b nc  |2 rdacarrier 
652 |a KAJ:KCB:KDB 
689 0 0 |d p  |0 (DE-588)12044819X  |0 (DE-627)080680577  |0 (DE-576)213158922  |2 gnd  |a Sodano, Angelo  |d 1927-2022 
689 0 1 |d p  |0 (DE-588)134071050  |0 (DE-627)589914383  |0 (DE-576)302125817  |2 gnd  |a Bertone, Tarcisio  |d 1934- 
689 0 2 |d s  |0 (DE-588)4163317-9  |0 (DE-627)105455652  |0 (DE-576)209880163  |2 gnd  |a Kardinalstaatssekretär 
689 0 3 |q z  |2 gnd  |a Geschichte 2006 
689 0 |5 (DE-627) 
773 0 8 |i In  |t La civiltà cattolica  |d Roma : [Verlag nicht ermittelbar], 1850  |g 157(2006), 3751, Seite 74-75  |w (DE-627)129068314  |w (DE-600)1536-2  |w (DE-576)014399830  |x 0009-8167  |7 nnas 
773 1 8 |g volume:157  |g year:2006  |g number:3751  |g pages:74-75 
935 |a mteo 
951 |a AR 
ELC |b 1 
ITA |a 1  |t 1 
LOK |0 000 xxxxxcx a22 zn 4500 
LOK |0 001 3310002713 
LOK |0 003 DE-627 
LOK |0 004 164401209X 
LOK |0 005 20160405134447 
LOK |0 008 160404||||||||||||||||ger||||||| 
LOK |0 040   |a DE-Tue135  |c DE-627  |d DE-Tue135 
LOK |0 092   |o n 
LOK |0 852   |a DE-Tue135 
LOK |0 852 1  |9 00 
LOK |0 935   |a ixzs  |a ixmi 
LOK |0 936ln  |0 1442049839  |a KDB 
LOK |0 936ln  |0 1442049499  |a KCB 
LOK |0 936ln  |0 1442044640  |a KAJ 
LOK |0 939   |a 04-04-16  |b l01 
ORI |a SA-MARC-ixtheoa001.raw 
STA 0 0 |a Cardinal state secretary 
STB 0 0 |a Cardinal secrétaire d'État 
STC 0 0 |a Cardenal secretario de Estado 
STD 0 0 |a Cardinale segretario di Stato 
STE 0 0 |a 教廷国务卿 
STF 0 0 |a 教廷國務卿 
STG 0 0 |a Cardeal secretário de Estado 
STH 0 0 |a Государственный секретарь Святого Престола 
STI 0 0 |a Καρδινάλιος υπουργός εξωτερικών 
SYG 0 0 |a Bertone, Tarcisio D.,1934-,Bertone, Tarsicius,1934-,Bertone, Tharsicius,1934- 
TIM |a 100020060101_100020061231  |b Geschichte 2006